<?xml version="1.0" encoding="UTF-8"?>
<record
    xmlns:xsi="http://www.w3.org/2001/XMLSchema-instance"
    xsi:schemaLocation="http://www.loc.gov/MARC21/slim http://www.loc.gov/standards/marcxml/schema/MARC21slim.xsd"
    xmlns="http://www.loc.gov/MARC21/slim">

  <leader>01321nam a2200181 a 4500</leader>
  <controlfield tag="001">000047387</controlfield>
  <controlfield tag="005">20201002060519.0</controlfield>
  <controlfield tag="008">180511s2003    dr           00 0 0 spa d</controlfield>
  <datafield tag="040" ind1=" " ind2=" ">
    <subfield code="a">DO-SdBNP</subfield>
    <subfield code="b">spa</subfield>
    <subfield code="c">BNPHU</subfield>
  </datafield>
  <datafield tag="110" ind1="2" ind2=" ">
    <subfield code="a">Rep&#xFA;blica Dominicana :</subfield>
    <subfield code="9">447</subfield>
  </datafield>
  <datafield tag="240" ind1="1" ind2="0">
    <subfield code="a">[Leyes, etc]</subfield>
  </datafield>
  <datafield tag="245" ind1="0" ind2="0">
    <subfield code="a">Reglamentos tributarios para la aplicaci&#xF3;n de t&#xED;tulos II, III y IV del c&#xF3;digo triburario de la Rep&#xFA;blica Dominicana :</subfield>
    <subfield code="b">decreto no. 139-98 13 de abril de 1998, decreto no. 140-98 del 13 de abril de 1998, decreto no. 79-03 del 14 de febrero del2003. Modificados por los decretos nos. 195-01 y 196-01, respectivamente, de fecha 8 de febrero del 2001. y el decreto180-03 que modifica el reglamento de aplicaci&#xF3;n de la Ley no. 20-00 sobre propiedad industrial . /</subfield>
    <subfield code="c">Remberto D&#xED;az N&#xFA;&#xF1;ez.</subfield>
  </datafield>
  <datafield tag="260" ind1=" " ind2=" ">
    <subfield code="a">Santo Domingo, Rep&#xFA;blica Dominicana :</subfield>
    <subfield code="b">[Cenado de la Rep&#xFA;blica],</subfield>
    <subfield code="c">2003.</subfield>
  </datafield>
  <datafield tag="300" ind1=" " ind2=" ">
    <subfield code="a">142 p. ;</subfield>
    <subfield code="c">21 cm.</subfield>
  </datafield>
  <datafield tag="505" ind1="0" ind2=" ">
    <subfield code="a">Reglamento para la aplicaci&#xF3;n de t&#xED;tulos II, III y IV DEL c&#xF3;digo tributario de la Rep&#xFA;blica Dominicana --</subfield>
    <subfield code="t">Del impuesto sbore la renta --</subfield>
    <subfield code="t">Impuesto sobre transferencias de bienes indutrializados y servicios (ITEBIS) --</subfield>
    <subfield code="t">Reglamento para la aplicaci&#xF3;n del t&#xED;tutlo IV del C&#xF3;digo Triburario de la Rep&#xFA;blica Dominicana</subfield>
  </datafield>
  <datafield tag="590" ind1=" " ind2=" ">
    <subfield code="a">Inventariado, 2019/VM</subfield>
  </datafield>
  <datafield tag="700" ind1="1" ind2=" ">
    <subfield code="a">D&#xED;az N&#xFA;&#xF1;ez, Remberto</subfield>
    <subfield code="9">14514</subfield>
  </datafield>
  <datafield tag="952" ind1=" " ind2=" ">
    <subfield code="0">0</subfield>
    <subfield code="1">0</subfield>
    <subfield code="7">1</subfield>
    <subfield code="8">PD</subfield>
    <subfield code="a">PD</subfield>
    <subfield code="b">PD</subfield>
    <subfield code="c">HD</subfield>
    <subfield code="d">2018-05-11</subfield>
    <subfield code="i">LF1</subfield>
    <subfield code="l">0</subfield>
    <subfield code="o"> </subfield>
    <subfield code="p">47387-10</subfield>
    <subfield code="r">2020-06-25</subfield>
    <subfield code="w">2020-06-25</subfield>
    <subfield code="y">LFPD</subfield>
    <subfield code="Z">No se presta</subfield>
  </datafield>
  <datafield tag="999" ind1=" " ind2=" ">
    <subfield code="c">46875</subfield>
    <subfield code="d">46875</subfield>
  </datafield>
</record>
